Lista de artilheiros do Campeonato Brasileiro de Futebol - Statistics

Estatísticas Gerais
  • Esse quiz foi jogado 748 vezes
  • A pontuação média é 9 de 24
Estatísticas das Respostas
Gols Ano Resposta % Correto
139 Presente Fred
90%
154 2007 Romário
89%
190 1992 Roberto Dinamite
77%
135 1989 Zico
69%
100 1974 Pelé
67%
153 2008 Edmundo
64%
126 2010 Washington
50%
116 Presente Luís Fabiano
48%
129 2005 Túlio Maravilha
48%
99 Presente Borges
32%
108 2014 Paulo Baier
32%
127 1990 Serginho Chulapa
30%
92 1986 Careca
28%
91 2009 Marcelinho Carioca
27%
113 1985 Dadá Maravilha
26%
92 2002 Evair
20%
102 2010 Kléber Pereira
20%
103 Presente Alecsandro
14%
96 2010 Dodô
14%
91 2004 Viola
13%
91 2013 Deivid
10%
91 1993 Cláudio Adão
3%
91 1986 Jorge Mendonça
3%
98 2010 Ramon Menezes
3%
Nenhum quiz correspondente encontrado
Distribuição das Pontuações
Porcentagem de Pessoas com Cada Pontuação
Percentil de Números Respondidos
Sua Pontuação Histórica
Você não jogou esse quiz